[Event "Titled Tuesday intern op 26th Nov Late"]
[Site "Chess.com INT"]
[Date "2024.11.26"]
[Round "4"]
[White "Da Silva, Lucas Pereira Mende"]
[Black "Capp, Stephen P"]
[Result "1-0"]
[WhiteElo "2075"]
[BlackElo "1952"]
[PlyCount "69"]
[EventDate "2024.11.26"]
[EventType "swiss (blitz)"]
[EventRounds "11"]
[EventCountry "USA"]
[SourceTitle "CB49_2024"]
[SourceDate "2024.12.04"]
[SourceVersion "1"]
[SourceVersionDate "2024.12.04"]
[SourceQuality "1"]

1. d4 Nf6 2. c4 e6 3. Nc3 Bb4 4. e3 c5 5. Bd3 Nc6 6. Nge2 d5 7. 0-0 cxd4 8. exd4 0-0 9. a3 Bd6 10. Bg5 dxc4 11. Bxc4 Bxh2+ 12. Kxh2 Ng4+ 13. Kg1 Qxg5 14. Qc1 Qh4 15. Qf4 e5 16. dxe5 Ncxe5 17. Bb5 a6 18. Ba4 Nd3 19. Qg3 Qxg3 20. Nxg3 Nxb2 21. Bc2 Nc4 22. a4 Be6 23. Nce4 Rac8 24. Ng5 Nd2 25. Bxh7+ Kh8 26. Rfd1 Nb3 27. Ra3 Nc5 28. Bb1 Bb3 29. Rd4 Nh6 30. Rh4 Ne6 31. Rxb3 Nxg5 32. Nf5 Rc6 33. Rxb7 Kg8 34. Ne7+ Kh8 35. Nxc6 1-0

[Event "Titled Tuesday intern op 27th Aug Late"]
[Site "Chess.com INT"]
[Date "2024.08.27"]
[Round "11"]
[White "Capp, Stephen P"]
[Black "Beulen, Marcel"]
[Result "1-0"]
[WhiteElo "1952"]
[BlackElo "2359"]
[PlyCount "61"]
[EventDate "2024.08.27"]
[EventType "swiss (blitz)"]
[EventRounds "11"]
[EventCountry "USA"]
[SourceTitle "EXT 2025"]
[Source "ChessBase"]
[SourceDate "2024.10.14"]
[SourceVersion "1"]
[SourceVersionDate "2024.10.14"]
[SourceQuality "1"]

1. e4 d5 2. d4 dxe4 3. Nc3 e5 4. Bc4 exd4 5. Qh5 Qd7 6. Nxe4 Qe7 7. Qe2 h6 8. Bf4 Nc6 9. 0-0-0 Be6 10. Nd2 0-0-0 11. Ngf3 Nf6 12. Rhe1 Bxc4 13. Qxc4 Qd7 14. Ne5 Nxe5 15. Bxe5 Bd6 16. Bxd6 Qxd6 17. Qxf7 Rd7 18. Qb3 Rhd8 19. g3 c5 20. Nc4 Qc7 21. a4 Nd5 22. Re6 Re7 23. Rde1 Rxe6 24. Rxe6 Kb8 25. a5 Qf7 26. Rd6 Re8 27. Kb1 Nf6 28. a6 b6 29. Nxb6 axb6 30. Rxb6+ Ka8 31. Qxf7 1-0

[Event "Titled Tuesday intern op 27th Aug Late"]
[Site "Chess.com INT"]
[Date "2024.08.27"]
[Round "7"]
[White "Rosen, Eric S"]
[Black "Capp, Stephen P"]
[Result "1-0"]
[WhiteElo "2373"]
[BlackElo "1952"]
[PlyCount "73"]
[EventDate "2024.08.27"]
[EventType "swiss (blitz)"]
[EventRounds "11"]
[EventCountry "USA"]
[SourceTitle "EXT 2025"]
[Source "ChessBase"]
[SourceDate "2024.10.14"]
[SourceVersion "1"]
[SourceVersionDate "2024.10.14"]
[SourceQuality "1"]

1. d4 Nf6 2. Bf4 d5 3. e3 c5 4. Nf3 Nc6 5. Nbd2 Bf5 6. dxc5 e6 7. Nd4 Nxd4 8. exd4 a6 9. Be2 Be7 10. 0-0 0-0 11. c3 b6 12. b4 bxc5 13. bxc5 Qd7 14. Nf3 Qa7 15. Ne5 Rfc8 16. Qa4 Ne4 17. Rac1 g5 18. Be3 Bf6 19. f3 Nxc5 20. Qa3 Bxe5 21. dxe5 Qc7 22. Bd4 Nd7 23. Qe7 h6 24. f4 Nf8 25. Qf6 Ng6 26. fxg5 hxg5 27. Qxg5 Qe7 28. Qh6 Qh4 29. Qxh4 Nxh4 30. Rf2 Kg7 31. Bf1 Ng6 32. g3 Rc7 33. Bg2 a5 34. Bxd5 exd5 35. Rxf5 Kg8 36. Rcf1 Rb8 37. h4 1-0

[Event "Titled Tuesday intern op 27th Aug Late"]
[Site "Chess.com INT"]
[Date "2024.08.27"]
[Round "8"]
[White "Shearsby, Jude"]
[Black "Capp, Stephen P"]
[Result "1-0"]
[WhiteElo "2164"]
[BlackElo "1952"]
[PlyCount "97"]
[EventDate "2024.08.27"]
[EventType "swiss (blitz)"]
[EventRounds "11"]
[EventCountry "USA"]
[SourceTitle "EXT 2025"]
[Source "ChessBase"]
[SourceDate "2024.10.14"]
[SourceVersion "1"]
[SourceVersionDate "2024.10.14"]
[SourceQuality "1"]

1. e4 e5 2. d4 exd4 3. c3 Qe7 4. cxd4 Qxe4+ 5. Be3 Nf6 6. Nc3 Bb4 7. Bd3 Bxc3+ 8. bxc3 Qxg2 9. Qf3 Qxf3 10. Nxf3 0-0 11. Rg1 Kh8 12. Kd2 d5 13. Bf4 c5 14. Bd6 Re8 15. Ne5 Be6 16. Bxc5 Ne4+ 17. Bxe4 dxe4 18. Ng4 Nc6 19. Ne3 Rad8 20. a4 b6 21. Ba3 Ne5 22. Rg3 f5 23. Ng2 Nc4+ 24. Kc2 Bd7 25. Nf4 Bxa4+ 26. Kc1 Bb5 27. Rh3 Nxa3 28. Rxa3 a6 29. Rh5 Bd3 30. Rxf5 Rf8 31. Rxf8+ Rxf8 32. Nxd3 exd3 33. Rxa6 h6 34. Kd2 Rxf2+ 35. Kxd3 Rxh2 36. Rxb6 g5 37. d5 Kg7 38. c4 g4 39. d6 Rh1 40. Ke3 Rd1 41. c5 h5 42. Rb7+ Kg6 43. d7 h4 44. c6 g3 45. c7 g2 46. Rb6+ Kg7 47. d8Q g1Q+ 48. Ke4 Qg4+ 49. Ke5 1-0

[Event "Titled Tuesday intern op 20th Aug Late"]
[Site "Chess.com INT"]
[Date "2024.08.20"]
[Round "4"]
[White "Arnold, Lothar"]
[Black "Capp, Stephen P"]
[Result "1/2-1/2"]
[WhiteElo "2310"]
[BlackElo "1952"]
[PlyCount "99"]
[EventDate "2024.08.20"]
[EventType "swiss (blitz)"]
[EventRounds "11"]
[EventCountry "USA"]
[SourceTitle "EXT 2025"]
[Source "ChessBase"]
[SourceDate "2024.10.14"]
[SourceVersion "1"]
[SourceVersionDate "2024.10.14"]
[SourceQuality "1"]

1. e4 e5 2. Nf3 d5 3. exd5 Bd6 4. Nc3 Nf6 5. d4 e4 6. Ne5 h6 7. Bb5+ Nbd7 8. 0-0 0-0 9. Nxd7 Bxd7 10. Bxd7 Qxd7 11. Re1 Qf5 12. Qe2 Rfe8 13. h3 Nxd5 14. Nxd5 Qxd5 15. Be3 Re6 16. c4 Qf5 17. Qg4 Qh7 18. c5 Rg6 19. Qxe4 Bf8 20. Qxb7 Re8 21. Bf4 Rge6 22. Rxe6 Rxe6 23. Be3 c6 24. Qc7 Qc2 25. Rf1 Rg6 26. Qf4 Qxb2 27. Qf3 Qxa2 28. h4 Qe6 29. h5 Rf6 30. Qg3 Rf5 31. Qg4 Qd5 32. Bxh6 Rxh5 33. Be3 g6 34. Rb1 Qa2 35. Qe4 Qa6 36. g3 Qc8 37. Qg2 Kh7 38. Ra1 Qb7 39. Bf4 Bg7 40. Rd1 Bxd4 41. Bd6 Qb3 42. Re1 Qb2 43. Qf3 Bxf2+ 44. Qxf2 Rh1+ 45. Kxh1 Qxf2 46. Re7 Qf3+ 47. Kh2 Qf2+ 48. Kh1 Qf3+ 49. Kh2 Qf2+ 50. Kh1 1/2-1/2

[Event "Titled Tuesday intern op 20th Aug Late"]
[Site "Chess.com INT"]
[Date "2024.08.20"]
[Round "9"]
[White "Mingo Fernandez, Matias"]
[Black "Capp, Stephen P"]
[Result "1-0"]
[WhiteElo "2177"]
[BlackElo "1952"]
[PlyCount "63"]
[EventDate "2024.08.20"]
[EventType "swiss (blitz)"]
[EventRounds "11"]
[EventCountry "USA"]
[SourceTitle "EXT 2025"]
[Source "ChessBase"]
[SourceDate "2024.10.14"]
[SourceVersion "1"]
[SourceVersionDate "2024.10.14"]
[SourceQuality "1"]

1. d4 Nf6 2. Nf3 d5 3. Bf4 c5 4. e3 Nc6 5. c3 Bf5 6. Nbd2 e6 7. Be2 Be7 8. h3 0-0 9. Qb3 b6 10. Ba6 cxd4 11. exd4 Na5 12. Qa4 Bd6 13. Ne5 Ne4 14. 0-0 Bxe5 15. dxe5 Nxd2 16. Bxd2 Qc7 17. Bf4 Nc4 18. Bxc4 dxc4 19. Rfd1 Bd3 20. Bg3 a6 21. b3 b5 22. Qa3 Rfd8 23. b4 Qe7 24. Qb2 h5 25. a4 h4 26. Bf4 g5 27. Be3 Rab8 28. Qc1 Rd5 29. Bxg5 Qd7 30. Bf6 Kf8 31. Qh6+ Ke8 32. Qh8# 1-0

[Event "Titled Tuesday intern op 20th Aug Late"]
[Site "Chess.com INT"]
[Date "2024.08.20"]
[Round "6"]
[White "Tharushi, THD Niklesha"]
[Black "Capp, Stephen P"]
[Result "0-1"]
[WhiteElo "1852"]
[BlackElo "1952"]
[PlyCount "34"]
[EventDate "2024.08.20"]
[EventType "swiss (blitz)"]
[EventRounds "11"]
[EventCountry "USA"]
[SourceTitle "EXT 2025"]
[Source "ChessBase"]
[SourceDate "2024.10.14"]
[SourceVersion "1"]
[SourceVersionDate "2024.10.14"]
[SourceQuality "1"]

1. e4 e5 2. Nf3 d5 3. Nxe5 Bd6 4. d4 dxe4 5. Qe2 Bxe5 6. dxe5 Bf5 7. Nc3 Nc6 8. Bf4 Nd4 9. Qd2 Ne7 10. 0-0-0 c5 11. Bb5+ Nec6 12. Bxc6+ bxc6 13. Na4 Qd5 14. b3 Rd8 15. Be3 Qxe5 16. f4 Nxb3+ 17. axb3 Qa1# 0-1

[Event "Titled Tuesday intern op 06th Aug Late"]
[Site "Chess.com INT"]
[Date "2024.08.06"]
[Round "10"]
[White "Yurasova, Daria"]
[Black "Capp, Stephen P"]
[Result "1-0"]
[WhiteElo "2081"]
[BlackElo "1952"]
[PlyCount "119"]
[EventDate "2024.08.06"]
[EventType "swiss (blitz)"]
[EventRounds "11"]
[EventCountry "USA"]
[SourceTitle "EXT 2025"]
[Source "ChessBase"]
[SourceDate "2024.10.14"]
[SourceVersion "1"]
[SourceVersionDate "2024.10.14"]
[SourceQuality "1"]

1. d4 Nf6 2. Bg5 d5 3. Bxf6 exf6 4. e3 Bd6 5. g3 f5 6. Bg2 c6 7. Ne2 Nd7 8. 0-0 Nf6 9. Nd2 0-0 10. c4 dxc4 11. Nxc4 Bc7 12. b4 Be6 13. Qc2 Re8 14. Rab1 a6 15. a4 g6 16. b5 axb5 17. axb5 Ne4 18. bxc6 bxc6 19. Nd2 Nxd2 20. Qxd2 Bd5 21. Rfc1 Bxg2 22. Kxg2 Qd5+ 23. Kg1 Ra2 24. Rb2 Rxb2 25. Qxb2 h5 26. Qc2 Re6 27. Nc3 Qf3 28. Qe2 Qxe2 29. Nxe2 g5 30. d5 Re7 31. Rxc6 f4 32. d6 Bxd6 33. Rxd6 fxe3 34. fxe3 Rxe3 35. Kf2 Rb3 36. Rd5 f6 37. Rd7 Kf8 38. Rh7 h4 39. gxh4 Rh3 40. Kg2 Rxh4 41. Rxh4 gxh4 42. Kh3 Kf7 43. Kxh4 Kg6 44. Kg4 Kf7 45. Kf4 Kg6 46. Ng3 Kf7 47. Kf5 Kg7 48. Ne4 Kh6 49. Nxf6 Kg7 50. Kg5 Kh8 51. h4 Kg7 52. Nd7 Kh8 53. h5 Kg7 54. Ne5 Kh8 55. Kh6 Kg8 56. Ng6 Kf7 57. Kh7 Kf6 58. h6 Kf7 59. Ne5+ Kf8 60. Kh8 1-0

[Event "Titled Tuesday intern op 28th May Late"]
[Site "Chess.com INT"]
[Date "2024.05.28"]
[Round "11"]
[White "Capp, Stephen P"]
[Black "Da Silva, Giovanni B Tavares"]
[Result "0-1"]
[WhiteElo "1952"]
[BlackElo "2066"]
[PlyCount "104"]
[EventDate "2024.05.28"]
[EventType "swiss (blitz)"]
[EventRounds "11"]
[EventCountry "USA"]
[SourceTitle "EXT 2025"]
[Source "ChessBase"]
[SourceDate "2024.10.14"]
[SourceVersion "1"]
[SourceVersionDate "2024.10.14"]
[SourceQuality "1"]

1. e4 c5 2. Nc3 Nf6 3. f4 d6 4. Nf3 Nc6 5. Bc4 Bg4 6. d3 Bxf3 7. Qxf3 e6 8. 0-0 Be7 9. Bb3 Nd4 10. Qg3 0-0 11. Be3 d5 12. Bxd4 cxd4 13. e5 dxc3 14. exf6 Bxf6 15. bxc3 Bxc3 16. Rad1 Bd4+ 17. Kh1 a5 18. a4 Qd7 19. f5 b5 20. f6 g6 21. Qg5 Qd8 22. c3 Bxf6 23. Rxf6 Qd7 24. axb5 a4 25. Ba2 Qxb5 26. Rdf1 Qb2 27. Bb1 Qxc3 28. d4 Qxd4 29. h4 Kg7 30. h5 h6 31. Qg3 Qxf6 32. Rxf6 Kxf6 33. hxg6 fxg6 34. Qxg6+ Ke7 35. Qg7+ Kd6 36. Qg3+ Kc6 37. Qa3 Rf1+ 38. Kh2 Rxb1 39. Qc3+ Kb7 40. Qc2 Rb3 41. Qc5 a3 42. Qe7+ Kb6 43. Qxe6+ Kc5 44. Qe7+ Kd4 45. Qe1 a2 46. Qd1+ Rd3 47. Qa1+ Kc4 48. Qe5 a1Q 49. Qc7+ Kd4 50. Qb6+ Kc3 51. Qc5+ Kd2 52. Qc3+ Qxc3 0-1

[Event "Titled Tuesday intern op 28th May Late"]
[Site "Chess.com INT"]
[Date "2024.05.28"]
[Round "10"]
[White "Emeliantsev, Anatoliy"]
[Black "Capp, Stephen P"]
[Result "1-0"]
[WhiteElo "2359"]
[BlackElo "1952"]
[PlyCount "53"]
[EventDate "2024.05.28"]
[EventType "swiss (blitz)"]
[EventRounds "11"]
[EventCountry "USA"]
[SourceTitle "EXT 2025"]
[Source "ChessBase"]
[SourceDate "2024.10.14"]
[SourceVersion "1"]
[SourceVersionDate "2024.10.14"]
[SourceQuality "1"]

1. d4 d5 2. c4 e6 3. Nc3 Nf6 4. Bg5 Be7 5. e3 Nbd7 6. Nf3 0-0 7. Qc2 h6 8. h4 c5 9. cxd5 Nxd5 10. Nxd5 exd5 11. Bxe7 Qxe7 12. Be2 cxd4 13. Nxd4 Nf6 14. Bf3 Ne4 15. 0-0-0 Bd7 16. Kb1 Rfc8 17. Qe2 Bc6 18. g4 Qb4 19. Bxe4 dxe4 20. g5 h5 21. Qxh5 Bd5 22. g6 Qa5 23. gxf7+ Kf8 24. Nb3 Qc7 25. Rxd5 Qc2+ 26. Ka1 Qxf2 27. Rf5 1-0

[Event "Titled Tuesday intern op 28th May Late"]
[Site "Chess.com INT"]
[Date "2024.05.28"]
[Round "1"]
[White "Liu, Eric"]
[Black "Capp, Stephen P"]
[Result "1-0"]
[WhiteElo "2388"]
[BlackElo "1952"]
[PlyCount "93"]
[EventDate "2024.05.28"]
[EventType "swiss (blitz)"]
[EventRounds "11"]
[EventCountry "USA"]
[SourceTitle "EXT 2025"]
[Source "ChessBase"]
[SourceDate "2024.10.14"]
[SourceVersion "1"]
[SourceVersionDate "2024.10.14"]
[SourceQuality "1"]

1. Nf3 Nc6 2. d4 d5 3. g3 Bf5 4. a3 e6 5. Bg2 Nf6 6. 0-0 Be7 7. Nbd2 h6 8. c4 0-0 9. b3 Ne4 10. Bb2 Bf6 11. e3 a6 12. Nxe4 Bxe4 13. Nd2 Bxg2 14. Kxg2 e5 15. cxd5 Qxd5+ 16. e4 Qd7 17. d5 Ne7 18. Nc4 Ng6 19. Na5 Rab8 20. Rc1 Be7 21. b4 f5 22. Qh5 Kh7 23. exf5 Rxf5 24. Qd1 Rbf8 25. Nxb7 Rg5 26. Qc2 Kh8 27. Kh1 Qxd5+ 28. f3 Qxb7 29. Qxc7 Qa8 30. Qc6 Qxc6 31. Rxc6 Kh7 32. Rxa6 Rgf5 33. Kg2 h5 34. Rc6 h4 35. Bc3 h3+ 36. Kxh3 Rxf3 37. Rxf3 Rxf3 38. a4 Kh6 39. a5 Kh5 40. Kg2 Rd3 41. a6 Rd1 42. a7 Rd8 43. b5 Nf8 44. b6 Nd7 45. b7 Nc5 46. a8Q Rxa8 47. bxa8Q 1-0

[Event "Titled Tuesday intern op 09th Apr Late"]
[Site "Chess.com INT"]
[Date "2024.04.09"]
[Round "7"]
[White "Capp, Stephen P"]
[Black "Cruz, William Ferreira Da"]
[Result "1-0"]
[WhiteElo "1952"]
[BlackElo "2216"]
[PlyCount "72"]
[EventDate "2024.04.09"]
[EventType "swiss (blitz)"]
[EventRounds "11"]
[EventCountry "USA"]
[SourceTitle "EXT 2025"]
[Source "ChessBase"]
[SourceDate "2024.10.14"]
[SourceVersion "1"]
[SourceVersionDate "2024.10.14"]
[SourceQuality "1"]

1. e4 e6 2. d4 d5 3. Nc3 Nf6 4. e5 Nfd7 5. Nf3 c5 6. dxc5 Bxc5 7. Bd3 Nc6 8. Bf4 a6 9. a3 b5 10. 0-0 Bb7 11. Ne2 h6 12. Ng3 Qb6 13. b4 Bf8 14. c3 Rd8 15. Re1 Qc7 16. h4 Nb6 17. h5 Nc4 18. a4 Nb2 19. Qd2 Nxd3 20. Qxd3 bxa4 21. Rxa4 Be7 22. Ne2 0-0 23. Ned4 Nxd4 24. Nxd4 Qc4 25. Qg3 Kh7 26. Raa1 Bxb4 27. Nf5 exf5 28. cxb4 d4 29. Rac1 Qxb4 30. e6 Rfe8 31. Be5 f6 32. Qg6+ Kh8 33. Bxf6 Qf8 34. Bxd8 Rxd8 35. e7 Qe8 36. exd8Q Qxd8 1-0

[Event "Titled Tuesday intern op 09th Apr Late"]
[Site "Chess.com INT"]
[Date "2024.04.09"]
[Round "1"]
[White "Capp, Stephen P"]
[Black "Ladan, Nicholas John"]
[Result "0-1"]
[WhiteElo "1952"]
[BlackElo "2178"]
[PlyCount "72"]
[EventDate "2024.04.09"]
[EventType "swiss (blitz)"]
[EventRounds "11"]
[EventCountry "USA"]
[SourceTitle "EXT 2025"]
[Source "ChessBase"]
[SourceDate "2024.10.14"]
[SourceVersion "1"]
[SourceVersionDate "2024.10.14"]
[SourceQuality "1"]

1. e4 e5 2. Nf3 Nc6 3. Bc4 Nf6 4. d3 Be7 5. Nc3 0-0 6. 0-0 d6 7. h3 Na5 8. Bb3 c5 9. Ne2 Nxb3 10. axb3 h6 11. Ng3 Be6 12. Qe2 Qd7 13. Nh4 Nxe4 14. Qxe4 f5 15. Qa4 b5 16. Qa6 Bxh4 17. Kh2 Bd5 18. Ra5 Rfb8 19. c4 Rb6 20. cxd5 Rxa6 21. Rxa6 Be7 22. f4 exf4 23. Bxf4 g5 24. Bd2 Rf8 25. Rfa1 Ra8 26. Rf1 f4 27. Ne4 Qb7 28. Ra5 Qxd5 29. Re1 Qxd3 30. Bc3 b4 31. Nf6+ Bxf6 32. Bxf6 Qg3+ 33. Kg1 Qxe1+ 34. Kh2 Qg3+ 35. Kg1 Re8 36. Ra1 Re2 0-1

[Event "Titled Tuesday intern op 09th Apr Late"]
[Site "Chess.com INT"]
[Date "2024.04.09"]
[Round "2"]
[White "Capp, Stephen P"]
[Black "Tymrakiewicz, Rafal"]
[Result "0-1"]
[WhiteElo "1952"]
[BlackElo "2135"]
[PlyCount "56"]
[EventDate "2024.04.09"]
[EventType "swiss (blitz)"]
[EventRounds "11"]
[EventCountry "USA"]
[SourceTitle "EXT 2025"]
[Source "ChessBase"]
[SourceDate "2024.10.14"]
[SourceVersion "1"]
[SourceVersionDate "2024.10.14"]
[SourceQuality "1"]

1. e4 Nf6 2. Nc3 d5 3. d4 dxe4 4. f3 exf3 5. Nxf3 Bg4 6. h3 Bh5 7. g4 Bg6 8. Bg2 c6 9. Ne5 Nbd7 10. Qe2 Nxe5 11. dxe5 Nd5 12. Nxd5 cxd5 13. e6 fxe6 14. Qxe6 Qd7 15. Qe2 e6 16. 0-0 0-0-0 17. Bf4 Bc5+ 18. Kh1 Rhf8 19. c4 d4 20. a3 Bd6 21. Bxd6 Qxd6 22. c5 d3 23. Qe3 Rxf1+ 24. Rxf1 Qd4 25. Qxe6+ Kb8 26. c6 d2 27. Qe7 Qb6 28. Qe5+ Qc7 0-1

[Event "Titled Tuesday intern op 10th Oct Late"]
[Site "Chess.com INT"]
[Date "2023.10.10"]
[Round "1"]
[White "Colas, Joshua"]
[Black "Capp, Stephen P"]
[Result "1-0"]
[WhiteElo "2232"]
[BlackElo "1920"]
[PlyCount "105"]
[EventDate "2023.10.10"]
[EventType "swiss (blitz)"]
[EventRounds "11"]
[EventCountry "USA"]
[SourceTitle "EXT 2025"]
[Source "ChessBase"]
[SourceDate "2024.10.14"]
[SourceVersion "1"]
[SourceVersionDate "2024.10.14"]
[SourceQuality "1"]

1. c4 e5 2. Nc3 Nc6 3. Nf3 f5 4. e4 d6 5. d4 exd4 6. Nxd4 Nxd4 7. Qxd4 Nf6 8. Bg5 Be7 9. Bd3 fxe4 10. Nxe4 0-0 11. 0-0 h6 12. Bh4 c6 13. Bxf6 Bxf6 14. Qxd6 Qe8 15. Nxf6+ Rxf6 16. Qg3 Bf5 17. Bxf5 Rxf5 18. Rfe1 Qf7 19. b3 Rf8 20. f3 Rg5 21. Qf2 Qxf3 22. Qxf3 Rxf3 23. Re8+ Rf8 24. Rae1 Kf7 25. R1e7+ Kg8 26. Rxf8+ Kxf8 27. Rxb7 Ra5 28. a4 g5 29. h3 h5 30. Rc7 Ra6 31. Kf2 Rb6 32. a5 Rxb3 33. Rxc6 Rb7 34. Rh6 h4 35. Rg6 Rc7 36. Rxg5 Rxc4 37. Rg4 Rc5 38. Rxh4 Rxa5 39. Rh7 Ra1 40. h4 a5 41. Ra7 a4 42. Kg3 a3 43. Kg4 Rg1 44. g3 Ra1 45. Kg5 a2 46. g4 Kg8 47. h5 Kh8 48. h6 Kg8 49. Kg6 Kf8 50. h7 Rh1 51. Rxa2 Rh4 52. Ra8+ Ke7 53. h8Q 1-0

[Event "Titled Tuesday intern op 10th Oct Late"]
[Site "Chess.com INT"]
[Date "2023.10.10"]
[Round "4"]
[White "Pein, Jonathan"]
[Black "Capp, Stephen P"]
[Result "1-0"]
[WhiteElo "2261"]
[BlackElo "1920"]
[PlyCount "83"]
[EventDate "2023.10.10"]
[EventType "swiss (blitz)"]
[EventRounds "11"]
[EventCountry "USA"]
[SourceTitle "EXT 2025"]
[Source "ChessBase"]
[SourceDate "2024.10.14"]
[SourceVersion "1"]
[SourceVersionDate "2024.10.14"]
[SourceQuality "1"]

1. Nf3 Nf6 2. b3 d5 3. e3 c5 4. Bb2 Nc6 5. Bb5 Bd7 6. 0-0 a6 7. Bxc6 Bxc6 8. Ne5 Rc8 9. d3 e6 10. Nd2 Bd6 11. f4 0-0 12. Qe1 b5 13. Qg3 c4 14. Ndf3 Bb7 15. dxc4 bxc4 16. Nd7 c3 17. Nxf6+ Qxf6 18. Bc1 Bc5 19. Re1 d4 20. exd4 Bxf3 21. Qxf3 Bxd4+ 22. Be3 Rfd8 23. Rad1 Bxe3+ 24. Qxe3 h6 25. h3 Kh7 26. Rd3 Rxd3 27. Qxd3+ Qg6 28. Qxg6+ Kxg6 29. Re3 h5 30. g3 Kf5 31. Re5+ Kg6 32. Re3 Kf5 33. Kf2 f6 34. Kf3 g5 35. g4+ hxg4+ 36. hxg4+ Kg6 37. Rxe6 gxf4 38. Kxf4 Rd8 39. Rc6 Rd4+ 40. Kf3 Kg5 41. Rc5+ Kh4 42. Rh5# 1-0

[Event "Titled Tuesday intern op 22nd Aug Late"]
[Site "Chess.com INT"]
[Date "2023.08.22"]
[Round "5"]
[White "Harriott, Tyrell"]
[Black "Capp, Stephen P"]
[Result "1-0"]
[WhiteElo "1778"]
[BlackElo "1920"]
[PlyCount "79"]
[EventDate "2023.08.22"]
[EventType "swiss (blitz)"]
[EventRounds "11"]
[EventCountry "USA"]
[SourceTitle "EXT 2024"]
[Source "ChessBase"]
[SourceDate "2023.10.10"]
[SourceVersion "1"]
[SourceVersionDate "2023.10.10"]
[SourceQuality "1"]

1. d4 Nf6 2. e3 d6 3. Bd3 g6 4. f4 Bg7 5. Nf3 0-0 6. 0-0 Nc6 7. e4 e5 8. d5 Nb8 9. fxe5 dxe5 10. c4 Nbd7 11. Nc3 h6 12. Kh1 a6 13. Be3 Qe7 14. Qd2 Kh7 15. a3 Ng4 16. Bg1 Nc5 17. b4 Nxd3 18. Qxd3 f5 19. Bc5 Qe8 20. Bxf8 Bxf8 21. Rae1 f4 22. c5 Bd7 23. h3 Ne3 24. Rxe3 fxe3 25. Qxe3 Bg7 26. Nh4 Qe7 27. Qg3 g5 28. Nf5 Bxf5 29. Rxf5 a5 30. Nb5 axb4 31. axb4 Ra1+ 32. Kh2 c6 33. Nd6 cxd5 34. exd5 e4 35. Rf7 Qd8 36. Qe5 Qg8 37. Rxb7 Kg6 38. Qf5+ Kh5 39. g4+ Kh4 40. Qf2# 1-0

[Event "Titled Tuesday intern op 22nd Aug Late"]
[Site "Chess.com INT"]
[Date "2023.08.22"]
[Round "1"]
[White "Mendes, Aaron Reeve"]
[Black "Capp, Stephen P"]
[Result "1-0"]
[WhiteElo "2079"]
[BlackElo "1920"]
[PlyCount "99"]
[EventDate "2023.08.22"]
[EventType "swiss (blitz)"]
[EventRounds "11"]
[EventCountry "USA"]
[SourceTitle "EXT 2024"]
[Source "ChessBase"]
[SourceDate "2023.10.10"]
[SourceVersion "1"]
[SourceVersionDate "2023.10.10"]
[SourceQuality "1"]

1. e4 e5 2. Nf3 d5 3. Nxe5 Bd6 4. d4 dxe4 5. Bc4 Bxe5 6. dxe5 Qxd1+ 7. Kxd1 Nc6 8. Nc3 Nxe5 9. Bb3 Bg4+ 10. Ke1 0-0-0 11. h3 Bf5 12. Be3 Nf6 13. Ke2 h5 14. Rhd1 c6 15. Bxa7 g5 16. Bd4 Rhe8 17. Bxe5 Rxe5 18. Bxf7 g4 19. h4 g3 20. Rxd8+ Kxd8 21. fxg3 Bg4+ 22. Ke3 Ke7 23. Bc4 b5 24. Be2 b4 25. Nd1 Rc5 26. Rc1 Ra5 27. Bxg4 Nxg4+ 28. Kxe4 Rxa2 29. Kd4 Kd6 30. Kc4 c5 31. Kb3 Ra8 32. c3 Rb8 33. Kc2 b3+ 34. Kd2 Rf8 35. Ra1 Rf1 36. Ra6+ Kd5 37. Rg6 Rg1 38. Rg5+ Ke4 39. Rxh5 Rxg2+ 40. Ke1 Rg1+ 41. Ke2 Rg2+ 42. Kf1 Rxg3 43. Rxc5 Rh3 44. Nf2+ Nxf2 45. Kxf2 Rh2+ 46. Kg3 Rxb2 47. Rb5 Rb1 48. Kg2 b2 49. h5 Rh1 50. Kxh1 1-0

[Event "Titled Tuesday intern op 18th Jul Late"]
[Site "Chess.com INT"]
[Date "2023.07.18"]
[Round "1"]
[White "Capp, Stephen P"]
[Black "Garakov, Mikhael"]
[Result "0-1"]
[WhiteElo "1920"]
[BlackElo "2447"]
[PlyCount "96"]
[EventDate "2023.07.18"]
[EventType "swiss (blitz)"]
[EventRounds "11"]
[EventCountry "USA"]
[SourceTitle "EXT 2024"]
[Source "ChessBase"]
[SourceDate "2023.10.10"]
[SourceVersion "1"]
[SourceVersionDate "2023.10.10"]
[SourceQuality "1"]

1. e4 c5 2. Nc3 a6 3. a4 Nc6 4. f4 g6 5. Bc4 Bg7 6. d3 e6 7. Nf3 Nge7 8. Bb3 d5 9. 0-0 0-0 10. e5 Rb8 11. Ne2 b5 12. axb5 axb5 13. c3 d4 14. cxd4 Nxd4 15. Nexd4 cxd4 16. Bd2 Bb7 17. Qe2 Qd7 18. Bb4 Rfd8 19. Bd6 Ra8 20. Rac1 Rac8 21. Nxd4 Nd5 22. Rxc8 Rxc8 23. Bxd5 Bxd5 24. b4 Bf8 25. Bxf8 Kxf8 26. f5 exf5 27. Qe3 Kg8 28. Rc1 Rxc1+ 29. Qxc1 Bxg2 30. Qc5 Ba8 31. e6 fxe6 32. Qe5 Bd5 33. Qb8+ Kg7 34. Qe5+ Kg8 35. Qb8+ Kf7 36. Qe5 Qe7 37. Ne2 Qf6 38. Qc7+ Qe7 39. Qe5 Qh4 40. Nf4 Qg4+ 41. Kf2 Qf3+ 42. Ke1 Qh1+ 43. Kd2 Qxh2+ 44. Kc3 g5 45. Qc7+ Kf6 46. Nxd5+ exd5 47. Qxh2 f4 48. Qxh7 Ke5 0-1

[Event "Titled Tuesday intern op 08th Nov Late"]
[Site "Chess.com INT"]
[Date "2022.11.08"]
[Round "10"]
[White "Capp, Stephen P"]
[Black "Curtis, John"]
[Result "1/2-1/2"]
[WhiteElo "1920"]
[BlackElo "2292"]
[PlyCount "32"]
[EventDate "2022.11.08"]
[EventType "swiss (blitz)"]
[EventRounds "11"]
[EventCountry "USA"]
[SourceTitle "EXT 2024"]
[Source "ChessBase"]
[SourceDate "2023.10.10"]
[SourceVersion "1"]
[SourceVersionDate "2023.10.10"]
[SourceQuality "1"]

1. e4 c5 2. Nc3 e6 3. f4 a6 4. a4 b6 5. Bc4 Bb7 6. Bb3 d5 7. d3 Ne7 8. Nf3 Nbc6 9. exd5 Nxd5 10. 0-0 Nxc3 11. bxc3 Bd6 12. f5 exf5 13. Qe1+ Kd7 14. Bxf7 Qe7 15. Ng5 Qxe1 16. Rxe1 Ne7 1/2-1/2

[Event "Titled Tuesday intern op 08th Nov Late"]
[Site "Chess.com INT"]
[Date "2022.11.08"]
[Round "8"]
[White "Capp, Stephen P"]
[Black "Gonzalez, Francisco Silva"]
[Result "0-1"]
[WhiteElo "1920"]
[BlackElo "2037"]
[PlyCount "78"]
[EventDate "2022.11.08"]
[EventType "swiss (blitz)"]
[EventRounds "11"]
[EventCountry "USA"]
[SourceTitle "EXT 2024"]
[Source "ChessBase"]
[SourceDate "2023.10.10"]
[SourceVersion "1"]
[SourceVersionDate "2023.10.10"]
[SourceQuality "1"]

1. e4 e5 2. Nf3 Nc6 3. d4 exd4 4. Bc4 Nf6 5. 0-0 Nxe4 6. Re1 d5 7. Nc3 dxc4 8. Rxe4+ Be7 9. Nxd4 f5 10. Rf4 0-0 11. Nxc6 Qxd1+ 12. Nxd1 bxc6 13. Rxc4 Bd6 14. Be3 f4 15. Bc5 Re8 16. Nc3 Be6 17. Bxd6 Bxc4 18. Bxf4 Rad8 19. Be3 a5 20. b3 Bf7 21. Na4 Bg6 22. c4 Rd3 23. Re1 h5 24. g3 Bf5 25. Nc5 Rc3 26. Na6 Bh3 27. Nxc7 Re7 28. Na6 Rc2 29. a4 g5 30. Nc5 g4 31. Nd3 Rc3 32. Nf4 Rxb3 33. Rd1 Rc3 34. c5 Rc4 35. Nxh5 Kf7 36. Bg5 Rd4 37. Rb1 Re5 38. Rb7+ Kg6 39. Nf4+ Rxf4 0-1